Statističeskije metody izmerenija svjazej
Salvato in:
| Autore principale: | |
|---|---|
| Natura: | Libro |
| Lingua: | russo |
| Pubblicazione: |
Leningrad
Universitet
1982
|
| Tags: |
Nessun Tag, puoi essere il primo ad aggiungerne!!
|
MARC
| LEADER | 00000nam a2200000 4500 | ||
|---|---|---|---|
| 001 | c129044 | ||
| 005 | 20230224075204.7 | ||
| 041 | 0 | |a rus | |
| 044 | |a RU | ||
| 245 | 1 | 0 | |a Statističeskije metody izmerenija svjazej |c I.I. Jelisejeva |
| 264 | 1 | |a Leningrad |b Universitet |c 1982 | |
| 300 | |a 132 s. | ||
| 100 | 1 | |a Jelisejeva, I.I. | |